Algebra 101 #1 - Statistics

General Stats
  • This quiz has been taken 1,223 times
  • The average score is 13 of 15
Answer Stats
Hint Answer % Correct
9t=81 9
100%
7y-8=41 7
97%
x/3=1/3 1
96%
77a=154 2
96%
6/2+y/2=5 4
95%
8t=80 10
92%
6+7+y=18 5
92%
11a=121 11
91%
10q/3=10 3
91%
BONUS 0-0/0(0+0)0/4-0 0
90%
3/1y-8=10 6
88%
3a=4.5 1.5
85%
82 divided by y = 2 41
84%
1/2y-4=8 24
79%
y-8/4y=? -y
35%
No matching quizzes found
Score Distribution
Percent of People with Each Score
Percentile by Number Answered
Your Score History
You have not taken this quiz